| 000 | 00744nam a2200241 i 4500 | ||
|---|---|---|---|
| 001 | 000039001 | ||
| 003 | DO-SdBNP | ||
| 005 | 20231213104831.0 | ||
| 007 | ta | ||
| 008 | 130510s19uu dr 000 0 spa d | ||
| 040 |
_aDO-SdBNP _bspa _cBNPHU _erda |
||
| 082 |
_bL318h _222 |
||
| 100 | 1 |
_aLara Fernández, Carmen _eautora _922283 |
|
| 245 | 1 | 0 |
_aHistoria del feminismo en la República Dominicana / _cCarmen Lara Fernández. |
| 264 |
_aCiudad Trujillo, República Dominicana : _bImprenta Arte y Cine, _c1946 |
||
| 300 |
_a191 paginas ; _c24 cm. |
||
| 336 |
_2rdacontent _atexto _btxt |
||
| 337 |
_2rdamedia _asin mediación _bn |
||
| 338 |
_2rdacarrier _avolumen _bnc |
||
| 590 | _aInventariado, 2023 / DG | ||
| 910 | _aDG | ||
| 942 |
_2ddc _cLBS1 |
||
| 999 |
_c38491 _d38491 |
||